000 00311nam a2200121Ia 4500
005 20251222144702.0
008 251222s9999||||xx |||||||||||||| ||spa||
020 _a978-612-46058-0-2
082 _a985.612.1/E48
245 0 _aMachu Picchu:
264 _bEmbajada de los Estados Unidos de América
942 _cLIB
999 _c17480
_d17480